000 00663nam a2200181 i 4500
001 149464
003 ES-MaACL
005 20230906203120.0
007 t|
008 071022s1906 sp ||||1| spa d
100 1 _aVázquez, Honorato.
_9113362
245 1 0 _aExposición ante S.M.C. don Alfonso XIII en la demanda de la República del Ecuador contra la del Perú sobre límites territoriales /
_cpor Honorato Vázquez.
260 _aMadrid :
_b[s.n.],
_c1906 (
_fSuc. de Rivadeneyra)
300 _aVIII, 522 p., 2 map. ;
_c28 cm.
651 4 _aEcuador-
_xFronteras-
_zPerú.
_98133
651 4 _aPerú-
_xFronteras-
_zEcuador.
_99222
852 _aES-MaACL
_jG-3312
999 _c149464
_d149464